[Event "Stay Safe Play From Home 362"]
[Site "Emanuel Lasker Arena"]
[Date "2020.08.06"]
[Round "6"]
[White "NTBT_DHS"]
[Black "Nuktotitakoi"]
[Result "0-1"]
[WhiteElo "2581"]
[BlackElo "2487"]
[Annotator "TA"]
[PlyCount "88"]
[EventDate "2020.08.06"]
[EventType "swiss (blitz)"]

{[%evp 10,88,12,6,5,-26,-16,-25,-17,-50,-60,-93,-74,-77,-47,-77,-47,-66,0,10,44,0,0,-36,-39,-203,-136,-135,22,0,-20,-13,33,30,20,0,25,18,51,51,54,73,60,58,45,63,47,-36,-39,-189,-184,-167,-141,-192,-178,-223,0,-439,0,-486,-442,-889,-889,-723,0,0,26,-66,-55,-1678,-1526,-4141,-4132,-29986,-29987,-29987,-29986,-29989,0,-29999,-29999]} 1. e4 d6 2. d4 Nf6 3. Nc3 g6 4. Bg5 Bg7 5. e5 Nfd7 6. f4 Nc6 {[#] B07: Pirc Defence: Miscellaneous Systems.} 7. d5 $146 ({Predecessor:} 7. Qd2 O-O 8. O-O-O f6 9. exf6 exf6 10. Bh4 Nb6 11. h3 Qe8 12. g4 Qf7 13. Bg2 f5 14. gxf5 Bxf5 {0-1 (32) Edwards,S (1931)-Englisch,C (2105) London 2018}) 7... Ncb8 8. exd6 cxd6 {Black has an edge.} 9. Bd3 Nc5 10. Bb5+ Bd7 11. a4 O-O 12. Nf3 Bf5 13. O-O Nba6 (13... a6 $15 14. Bd3 Qb6 15. Bxf5 Nb3+ 16. Kh1 Nxa1) 14. Nd4 $11 Bd7 15. Re1 Re8 16. Kh1 Nb4 {And now ...Bxd4 would win.} 17. Ne4 $2 (17. Nb3 $15) 17... Nxe4 ({Worse is} 17... Nxd5 18. Nxd6 $1 {[%mdl 512]} Rf8 19. Qf3 $11) 18. Rxe4 a6 $2 (18... Nxd5 $17 19. c3 Bxb5 20. Nxb5 Nf6) 19. Bxd7 Qxd7 20. c4 h6 21. Bh4 Rac8 22. b3 a5 23. Be1 Na6 24. Ra2 Nc5 25. Re3 e5 26. dxe6 $1 fxe6 27. Nb5 d5 28. cxd5 (28. Bxa5 $14 Rf8 29. cxd5) 28... exd5 $15 29. Rae2 (29. Rf3 $15) 29... Rxe3 $19 30. Rxe3 d4 31. Rg3 (31. Rf3 $17 {is a better defense.}) 31... d3 32. Rxg6 Qf5 $2 (32... Ne4 $1 $19 {Threatens to win with ...d2.} 33. Nd6 d2 34. Nxc8 (34. Nxe4 $2 Rc1 $19) 34... Qxc8 35. Rxg7+ Kxg7 36. Qa1+ Kf7 37. Bxd2 Nxd2) 33. Rd6 $2 {[%mdl 8192]} (33. Rxg7+ $1 $11 {and White is okay.} Kxg7 34. Nd6 Qxf4 35. Bc3+ Kh7 36. Nxc8) 33... Re8 $2 (33... Qxf4 $19 {[%cal Rf4f1]} 34. Bd2 Qf2) 34. Bxa5 $2 {[%mdl 8192]} (34. Bf2 $1 $11 {and White has nothing to worry.}) 34... Re2 35. Nd4 (35. Rd8+ $142 Kh7 36. Nc3) 35... Bxd4 $1 36. Rxd4 Qg4 $2 $40 {[%mdl 128] White needs to defend precisely.} (36... Ne4 $1 $19 {[%cal Re4f2]} 37. Rd8+ Kf7 $1 {[%mdl 512]}) 37. Qf1 $1 $11 Ne4 38. Rd8+ ({Better is} 38. Qf3 $11 Qxf3 39. gxf3) 38... Kf7 {( -> ...Nf2+)} 39. Bb6 $2 {[%mdl 8192] [#]} (39. h3 $15 Qh5 40. Kh2 Qxa5 41. Rd7+ Ke8 42. Rxd3) 39... Nd2 $1 $19 {[%mdl 512]} 40. Qg1 {[#]} Nf3 $1 {[%cal Rf3g1][%mdl 512]} 41. Rf8+ (41. gxf3 Qxf3+) 41... Kxf8 42. Qc5+ {[#]} Kg8 $1 {[%csl Ge2][%cal Rg4g2]} 43. Qc4+ Kh7 $2 (43... Qe6 {mates} 44. Qxe6+ Rxe6 45. Bf2 {[#]} Re1+ $1 {[%mdl 576] Promotion} 46. Bxe1 Nxe1 47. h3 d2 48. Kh2 d1=Q 49. Kg3 Qe2 50. Kh4 Nxg2+ 51. Kg3 Ne1 52. Kh4 Qf3 $1 {[%mdl 512]} 53. b4 Ng2#) 44. Bd4 $2 {[%mdl 8192]} (44. Qxd3+ $11 Qg6 45. Qxf3) 44... Re1+ {Accuracy: White = 31%, Black = 54%.} 0-1

[Event "Stay Safe Play From Home 362"]
[Site "Emanuel Lasker Arena"]
[Date "2020.08.06"]
[Round "6"]
[White "Gokerkan"]
[Black "Sfantul321"]
[Result "1-0"]
[WhiteElo "2576"]
[BlackElo "1986"]
[Annotator "NA RC"]
[PlyCount "57"]
[EventDate "2020.08.06"]
[EventType "swiss (blitz)"]

1. e4 {[%emt 0:00:00]} g6 {[%emt 0:00:00]} 2. d4 {[%emt 0:00:01]} Bg7 {[%emt 0:00:00]} 3. Bh6 {[%emt 0:00:01]} d6 {[%emt 0:00:00]} 4. Bxg7 {[%emt 0:00:00]} Nf6 {[%emt 0:00:03]} 5. Bxh8 {[%emt 0:00:01]} Nxe4 {[%emt 0:00:00]} 6. Nd2 {[%emt 0:00:01]} Ng5 {[%emt 0:00:02]} 7. Ngf3 {[%emt 0:00:01]} Ne6 {[%emt 0:00:01]} 8. Bc4 {[%emt 0:00:01]} d5 {[%emt 0:00:01]} 9. Bb3 {[%emt 0:00:01]} c6 {[%emt 0:00:01]} 10. c4 {[%emt 0:00:00]} dxc4 {[%emt 0:00:02]} 11. Nxc4 {[%emt 0:00:01]} f6 {[%emt 0:00:00]} 12. O-O {[%emt 0:00:08]} Kf7 {[%emt 0:00:01]} 13. Nce5+ {[%emt 0:00:01]} fxe5 {[%emt 0:00:02]} 14. Nxe5+ {[%emt 0:00:00]} Kg8 {[%emt 0:00:02]} 15. Qg4 {[%emt 0:00:02]} Qd6 {[%emt 0:00:04]} 16. Rae1 {[%emt 0:00:02]} Kxh8 {[%emt 0:00:01]} 17. Nf7+ {[%emt 0:00:00]} Kg7 {[%emt 0:00:01]} 18. Nxd6 {[%emt 0:00:00]} exd6 {[%emt 0:00:00]} 19. Bxe6 {[%emt 0:00:01]} Bxe6 {[%emt 0:00:01]} 20. Rxe6 {[%emt 0:00:01]} Na6 {[%emt 0:00:00]} 21. Re7+ {[%emt 0:00:01]} Kf6 {[%emt 0:00:01]} 22. Qh4+ {[%emt 0:00:00]} Kf5 {[%emt 0:00:01]} 23. Qxh7 {[%emt 0:00:00]} Rf8 {[%emt 0:00:02]} 24. g4+ {[%emt 0:00:00]} Kf4 {[%emt 0:00:01]} 25. Qh6+ {[%emt 0:00:01]} Kxg4 {[%emt 0:00:02]} 26. Qxf8 {[%emt 0:00:00]} Kh5 {[%emt 0:00:02]} 27. h3 {[%emt 0:00:00]} Kg5 {[%emt 0:00:01]} 28. Rh7 {[%emt 0:00:00]} Nb4 {[%emt 0:00:02]} 29. f4# {[%emt 0:00:00] (Lag: Av=0.41s, max=0.5s) (Lag: Av=0.41s, max=0.5s) (Lag: Av=0.41s, max=0.5s) (Lag: Av=0.41s, max=0.5s) (Lag: Av=0.41s, max=0.5s)} 1-0

[Event "Stay Safe Play From Home 362"]
[Site "Emanuel Lasker Arena"]
[Date "2020.08.06"]
[Round "6"]
[White "Uber_WING"]
[Black "Eidgenosse"]
[Result "1-0"]
[WhiteElo "2448"]
[BlackElo "2518"]
[Annotator "TA"]
[PlyCount "83"]
[EventDate "2020.08.06"]
[EventType "swiss (blitz)"]

{[%evp 9,83,16,21,2,22,-6,-6,-20,-22,-47,-38,-56,-47,-90,-85,-98,-96,-91,-52,-75,-75,-111,-101,-93,-62,-45,-36,-52,-36,-110,-33,-100,-98,-83,-8,-25,0,0,12,0,15,9,47,0,7,22,56,75,129,65,55,66,59,69,80,0,74,0,127,33,549,232,216,106,94,92,291,272,477,466,443,354,612,602,599,586]} 1. e4 d6 2. Nc3 Nd7 3. g3 Ngf6 4. Bg2 e5 5. d3 Be7 {[#]} 6. Be3 $146 {B07: Pirc Defence: Miscellaneous Systems.} ({Predecessor:} 6. f4 c6 7. Nf3 O-O 8. O-O b5 9. Kh1 b4 10. Ne2 Qb6 11. h3 Re8 12. g4 exf4 13. Bxf4 {1-0 (32) Mantel,R (1965)-Unger,M (2164) Bayern 2018}) 6... O-O 7. h3 c6 8. Qd2 {The position is equal.} Nb6 9. Nge2 d5 10. exd5 cxd5 {Hoping for ...d4.} 11. d4 Nc4 12. Qc1 e4 $1 (12... Nxe3 $6 13. Qxe3 e4 14. O-O $11) 13. O-O a6 14. a4 Be6 15. b3 Nxe3 16. Qxe3 Qd7 17. Nf4 Rac8 18. Nxe6 fxe6 19. Rac1 (19. Ra2 $15) 19... Bb4 (19... Ba3 $17 {And now ...Qc6 would win.} 20. Rcd1 Qd6) 20. Ne2 (20. Nd1 $15) 20... Ba3 $1 $17 21. Ra1 Be7 (21... Bb2 $17 22. Rad1 Rxc2) 22. c3 b5 23. axb5 Qxb5 24. Rfb1 Kh8 25. Nf4 Qb6 26. Bf1 a5 27. b4 $36 {[%mdl 2048] White is pushing.} axb4 28. Ra6 Qb7 (28... Qb8 $142) 29. cxb4 ({But not} 29. Rxe6 $6 g5 $11) (29. Nxe6 $16 Ra8 30. Qg5 (30. Nxf8 Rxa6 31. Bxa6 Qxa6 $11)) 29... Rc6 $14 30. Rxc6 Qxc6 31. b5 Qb6 32. Qc1 (32. Rc1 $16) 32... Bd6 (32... g5 $11 33. Ne2 Ng8) 33. Qc6 (33. Nxe6 $16 Re8 34. Nc5) 33... Qb8 {[#]} (33... Qxc6 $11 34. bxc6 Bxf4 35. gxf4 Rc8) 34. Nxe6 (34. b6 $1 $16) 34... Rf7 $2 {[%mdl 8192]} ({Better is} 34... Rc8 $14 35. Qa6 Bxg3) 35. Ng5 (35. Ra1 $142 Rb7 36. Ra6) 35... Rf8 $18 {[#]} 36. Rb3 (36. b6 $1 $18 {is the precise move to win.}) 36... h6 $16 37. Ne6 Rc8 $2 (37... Re8 $16) 38. Qa6 $18 e3 $2 (38... Re8) 39. Rxe3 Ne4 40. Qa2 Re8 $2 (40... Qa8 41. Qxa8 Rxa8) 41. Qxd5 Nf6 42. Qf5 {Accuracy: White = 51%, Black = 44%.} 1-0

[Event "Stay Safe Play From Home 362"]
[Site "Emanuel Lasker Arena"]
[Date "2020.08.06"]
[Round "6"]
[White "Lamborghini"]
[Black "SoulofWolf"]
[Result "1-0"]
[WhiteElo "2303"]
[BlackElo "2280"]
[Annotator "TA"]
[PlyCount "109"]
[EventDate "2020.08.06"]
[EventType "swiss (blitz)"]

{[%evp 13,109,34,29,22,58,31,52,50,50,45,210,184,185,172,165,158,156,98,156,152,201,160,274,54,863,873,946,929,932,931,1006,975,1228,1160,1178,1152,1139,386,1612,1442,1397,1422,1412,1410,1738,1776,2251,2003,2300,2254,29986,29987,29987,29988,29992,29989,29989,29986,29992,29990,29991,29991,29991,29992,29992,29993,29994,29995,29995,29996,29996,29996,29996,29996,29996,29996,29997,29997,29997,29996,29997,29997,29997,29997,29997,29997,29997,29997,29997,29995,29996,29997,29997,29998,29998,29997,29998,29999]} 1. e4 d6 2. d4 c5 3. Nf3 cxd4 4. Nxd4 Bd7 5. Nc3 a6 6. Bc4 Nf6 7. Bb3 Nc6 8. Be3 {B57: Classical Sicilian: Sozin with 6...Qb6.} Qc7 9. f3 g6 10. Qd2 {White is slightly better.} Bg7 11. O-O-O {[#]} O-O-O $146 (11... b5 $14) ({Predecessor:} 11... b5 12. h4 b4 13. Na4 a5 14. Nb5 Qb7 15. Qe2 O-O 16. Nb6 Ra6 17. Nxd7 Nxd7 18. Nc7 {0-1 (42) Looijer,C (1617)-Koeman,F Haarlem 2013}) 12. g4 Nxd4 13. Bxd4 Bc6 14. Bxf7 Kb8 {White must now prevent ...e5.} 15. Qf2 (15. Qe3 $142) 15... Qd7 (15... Rhf8 $142) 16. Bb3 Rc8 17. h4 e5 (17... Rhf8 $16) 18. Bxe5 $2 ({White should try} 18. Ba7+ $18 Ka8 {[#]} 19. Bc5 $1 {[%mdl 512]}) 18... Bf8 $2 {[%mdl 8192]} (18... Nxe4 $14 19. Nxe4 Bxe5) 19. Bxf6 $18 Bh6+ 20. g5 Bg7 21. Kb1 Rhf8 {[#]} 22. e5 $1 d5 (22... dxe5 23. Rxd7) 23. f4 Bxf6 24. exf6 d4 25. Qxd4 $2 (25. Rxd4 Qg4 26. Rhd1) 25... Qf5 $2 (25... Qxd4 26. Rxd4 Bxh1) 26. Qe5+ Ka8 27. Qxf5 gxf5 28. h5 Bxh1 29. Rxh1 Rc7 30. a3 b5 31. Nd5 Rd7 32. Nb6+ {[%mdl 64] Double Attack. White mates.} Kb7 33. Nxd7 Rf7 34. Ne5 Rf8 35. Rd1 Kb6 36. Rd6+ Kc5 37. Rd5+ Kb6 38. Nd7+ {[%mdl 64] Double Attack, Discovered Attack} Kc6 39. Nxf8 b4 40. a4 a5 41. Ne6 h6 42. Rc5+ Kb7 43. gxh6 Kb6 44. h7 Ka6 45. Rd5 Kb7 46. Rxa5 Kc6 47. Rb5 Kd6 48. Rxb4 Kd7 49. Nd4 Kd6 50. Nxf5+ Kc5 {[#]} 51. Ne3 $1 Kd6 52. f7 Kc5 53. f8=Q+ Kc6 {[#]} 54. Rb6+ $1 Kc7 (54... Kxb6 55. Qd6+) 55. Qd6+ {Accuracy: White = 59%, Black = 30%.} 1-0

[Event "Stay Safe Play From Home 362"]
[Site "Emanuel Lasker Arena"]
[Date "2020.08.06"]
[Round "6"]
[White "SelamiSahin"]
[Black "Greblha"]
[Result "1-0"]
[WhiteElo "2121"]
[BlackElo "1937"]
[Annotator "TA"]
[PlyCount "55"]
[EventDate "2020.08.06"]
[EventType "swiss (blitz)"]

{[%evp 9,55,0,5,12,20,22,13,0,19,19,24,0,0,-25,0,0,6,0,-9,-316,-292,-479,-124,-117,-62,-58,-49,-41,0,-29,403,411,418,400,870,865,884,875,877,875,1077,1083,1120,1053,989,953,5013,4994]} 1. d4 c6 2. c4 d5 3. Nc3 e5 4. cxd5 cxd5 5. e3 e4 6. f3 {D10: Slav Defence: 3 cxd5 (without early Nf3) and 3 Nc3.} exf3 7. Nxf3 Nf6 8. Bd3 {[#] The position is equal.} Be7 $146 ({Predecessor:} 8... Nc6 9. O-O Bd6 10. e4 dxe4 11. Nxe4 Nxe4 12. Bxe4 Qb6 13. Qd3 Ne5 14. Nxe5 Bxe5 {1-0 (36) Olejarczyk,B (2159)-Sebastianiuk,C (2128) Warsaw 2009}) 9. O-O O-O 10. Ne5 Nc6 11. Qf3 Nxe5 12. dxe5 Nd7 13. Qf5 {[%csl Gd3][%cal Rf5h7]} g6 14. Qf3 $2 {[%mdl 8192]} (14. Qf4 $11 {and White is okay.}) 14... Nxe5 $19 {[%mdl 64] [#] Double Attack} 15. Qe2 $2 (15. Qd1) 15... Nxd3 $2 (15... Bg4 $19 {is more deadly.} 16. Qd2 d4) 16. Qxd3 $17 Bf5 (16... Be6 $17 17. Bd2 Rc8) 17. Qxd5 Qxd5 18. Nxd5 Bc5 19. Kh1 Be4 $2 {[%mdl 8192]} (19... Be6 $11 20. Nf6+ Kg7) 20. Nf6+ $18 {[%mdl 64] [#] Double Attack} Kg7 21. Nxe4 Rfe8 (21... Be7 $142 22. g4 f5 23. gxf5 Rxf5) 22. Nxc5 {White is clearly winning.} b6 23. Nb3 Rac8 24. Bd2 Rc2 25. Bc3+ Kh6 26. Rac1 Rxc1 27. Rxc1 Rxe3 28. Bd2 {Accuracy: White = 47%, Black = 46%.} 1-0

[Event "Stay Safe Play From Home 362"]
[Site "Emanuel Lasker Arena"]
[Date "2020.08.06"]
[Round "6"]
[White "Buzaglo"]
[Black "Stefanone"]
[Result "0-1"]
[WhiteElo "1851"]
[BlackElo "1956"]
[Annotator "TA"]
[PlyCount "126"]
[EventDate "2020.08.06"]
[EventType "swiss (blitz)"]

{[%evp 13,126,29,22,0,0,-10,33,10,39,-221,16,14,16,14,13,17,5,-121,-38,-122,-38,-148,-110,-126,-125,-154,-108,-748,-155,-151,-158,-199,-213,-213,-218,-196,-214,-246,-191,-468,-57,-49,-56,-62,-60,-187,962,956,877,-348,-203,-544,-175,-305,-332,-282,-328,-472,-435,-466,-428,-641,-641,-595,-602,-837,-829,-898,-844,-1833,-1641,-2620,-2502,-1094,0,0,0,0,0,0,12837,12837,12837,-12848,12841,12842,12842,12843,12845,12843,12846,12845,12845,12845,12846,12846,12847,12847,12850,27999,12851,27999,12851,27999,12851,27999,12851,27999,12851,27999,12851,27999,12851,29989,12851]} 1. d4 d5 2. Nf3 c6 3. g3 e6 4. Bg2 f5 5. O-O Nf6 6. Nbd2 Bd6 7. c4 O-O 8. c5 {A90: Dutch Defence: Miscellaneous and Modern Stonewall (with ...Bd6).} Bc7 9. b4 Qe7 {[#]} 10. a4 $146 {White is slightly better.} ({Predecessor:} 10. Ne5 Nbd7 11. Nd3 Kh8 12. Nf3 Rg8 13. a4 Ne4 14. Qc2 g5 15. Nfe5 Qg7 16. f3 {0-1 (47) Prohens Escandell,O (1480)-Guasch Riera,J (1516) Eivissa 2016}) 10... Ne4 11. Ne1 $2 {[%mdl 8192]} (11. a5 $14 {stays ahead.}) 11... Nd7 $2 (11... Nc3 $19 12. Qb3 Nxe2+ {[%mdl 64] Double Attack} 13. Kh1 Nxd4) 12. Nxe4 $11 fxe4 13. f3 exf3 14. Nxf3 e5 15. Nxe5 (15. e4 $11 dxe4 16. Ng5) 15... Nxe5 (15... Rxf1+ $17 16. Kxf1 Nxe5 17. dxe5 Bxe5) 16. dxe5 (16. Rxf8+ $15 Kxf8 17. dxe5) 16... Bxe5 (16... Rxf1+ $17 17. Bxf1 a5) 17. Rb1 (17. Rxf8+ $15 Kxf8 18. Ra2) 17... Bg4 18. Bf3 Bh3 19. Rf2 Rae8 20. Bg2 $2 {[%mdl 8192]} (20. Rb3 $17) 20... Bxg2 $2 (20... Rxf2 $19 {and Black stays clearly on top.} 21. Bxh3 Rxe2 $1 {[%mdl 512]}) 21. Rxg2 $17 Qf6 22. Bd2 Bd4+ 23. Kh1 Re4 24. Bf4 g5 25. Bd6 Rfe8 26. Rb3 $2 (26. Qc2) 26... Be5 $2 ({Black should try} 26... Bf2 $19 27. h3 Rxe2) 27. Rf3 $15 Qe6 $36 {[%mdl 2048] Black has good play.} 28. Bxe5 $1 Qxe5 29. Qf1 ({Better is} 29. b5 $15) 29... Rxe2 $4 {[%mdl 8192]} (29... Rxb4 $19 30. Rf5 Qe7) 30. Rxe2 $18 Qxe2 {[#]} 31. Kg1 $4 {[%mdl 8192]} (31. Rf8+ $1 $18 {[%mdl 512]} Rxf8 32. Qxe2) 31... Qxf1+ (31... Qd2 $142 {...Re1 is the strong threat.} 32. Rf2 Qxb4 {[%mdl 64] Double Attack}) 32. Kxf1 $2 $19 {[%mdl 4096] Endgame KR-KR} (32. Rxf1 {was the crucial defense.} Re4 33. b5) 32... Re4 $2 (32... Rf8 33. Ke2 Rxf3 34. Kxf3 Kf7) 33. Rb3 (33. b5 $142) 33... Kf7 34. Kf2 Kf6 35. Kf3 (35. Rf3+ $142 Ke5 36. Rb3) 35... Ke5 36. g4 Kd4 37. b5 (37. a5 $142) 37... Kxc5 38. bxc6 bxc6 39. Rb7 Rxa4 40. Rxh7 d4 41. Rh5 Kc4 42. Rxg5 d3 43. Ke3 Kc3 $2 (43... Ra2 $19 {aiming for ...Re2+.} 44. Rg6 c5) 44. Rc5+ $11 {[%mdl 64] Double Attack} Kb4 45. Rxc6 Ra3 46. Rd6 a5 $2 {[%mdl 8192]} (46... d2+ $11 47. Kxd2 Ra2+ 48. Ke3 Rxh2) 47. Rd4+ $1 $18 Kc5 48. h4 $4 {[%mdl 8192] [#]} (48. Rxd3 $18 Ra1 49. Kf2) 48... Ra1 $4 {[%mdl 8192]} (48... d2+ $1 $19 {[%mdl 512]} 49. Ke4 {[#]} (49. Kxd2 Kxd4) 49... Ra4 $1 {[%mdl 576] Promotion} 50. Rxa4 d1=Q {[%mdl 64] Double Attack} 51. Rxa5+ Kc4) 49. Rxd3 {White stays focused until the end.} Re1+ 50. Kf4 Rg1 51. g5 Kc4 52. Rd8 Kc5 53. Kf5 Kc6 54. Kg6 Kc7 55. Ra8 Kc6 56. Rxa5 Kb6 57. Ra8 Kb7 58. Rg8 Kb6 59. Rg7 Kb5 60. h5 Kb4 61. h6 Kb3 62. h7 Rc1 63. h8=Q Rc6+ {[%mdl 32768] Accuracy: White = 40%, Black = 48%. . Loss on time!?} 0-1

[Event "Stay Safe Play From Home 362"]
[Site "Emanuel Lasker Arena"]
[Date "2020.08.06"]
[Round "6"]
[White "Ao017545"]
[Black "Haris kollari 13"]
[Result "1-0"]
[WhiteElo "1539"]
[BlackElo "1715"]
[Annotator "NA RC"]
[PlyCount "63"]
[EventDate "2020.08.06"]
[EventType "swiss (blitz)"]

1. e4 {[%emt 0:00:02]} e6 {[%emt 0:00:00]} 2. Nf3 {[%emt 0:00:02]} d5 {[%emt 0:00:00]} 3. Nc3 {[%emt 0:00:01]} d4 {[%emt 0:00:01]} 4. Nb5 {[%emt 0:00:02]} c5 {[%emt 0:00:01]} 5. d3 {[%emt 0:00:02]} a6 {[%emt 0:00:01]} 6. Na3 {[%emt 0:00:02]} Nc6 {[%emt 0:00:00]} 7. Nc4 {[%emt 0:00:01]} b5 {[%emt 0:00:02]} 8. Nce5 {[%emt 0:00:02]} Bb7 {[%emt 0:00:01]} 9. Nxc6 {[%emt 0:00:01]} Bxc6 {[%emt 0:00:02]} 10. e5 {[%emt 0:00:01]} Qc7 {[%emt 0:00:02]} 11. Bf4 {[%emt 0:00:01]} Ne7 {[%emt 0:00:01]} 12. Ng5 {[%emt 0:00:01]} Ng6 {[%emt 0:00:01]} 13. Be2 {[%emt 0:00:02]} Nxf4 {[%emt 0:00:02]} 14. Bf3 {[%emt 0:00:02]} Qxe5+ {[%emt 0:00:03]} 15. Kf1 {[%emt 0:00:05]} Bd5 {[%emt 0:00:04]} 16. Ne4 {[%emt 0:00:08]} Be7 {[%emt 0:00:03]} 17. Qd2 {[%emt 0:00:01]} O-O {[%emt 0:00:02]} 18. Re1 {[%emt 0:00:00]} Qf5 {[%emt 0:00:06]} 19. g4 {[%emt 0:00:02]} Qg6 {[%emt 0:00:03]} 20. h4 {[%emt 0:00:02]} e5 {[%emt 0:00:03]} 21. h5 {[%emt 0:00:01]} Qg5 {[%emt 0:00:01]} 22. Nxg5 {[%emt 0:00:01]} Bxg5 {[%emt 0:00:02]} 23. Rxe5 {[%emt 0:00:01]} Bxf3 {[%emt 0:00:09]} 24. Rxg5 {[%emt 0:00:02]} Bxh1 {[%emt 0:00:01]} 25. Qxf4 {[%emt 0:00:01]} f6 {[%emt 0:00:01]} 26. Rf5 {[%emt 0:00:03]} Rae8 {[%emt 0:00:01]} 27. Rxc5 {[%emt 0:00:01]} Re6 {[%emt 0:00:01]} 28. h6 {[%emt 0:00:02]} g5 {[%emt 0:00:02]} 29. Qc7 {[%emt 0:00:03]} Rf7 {[%emt 0:00:02]} 30. Qc8+ {[%emt 0:00:01]} Rf8 {[%emt 0:00:01]} 31. Qxe6+ {[%emt 0:00:01]} Rf7 {[%emt 0:00:00]} 32. Rc7 {[%emt 0:00:01] Time Time Time Time Time (Lag: Av=0.56s, max=0.9s) (Lag: Av=0.56s, max=0.9s) (Lag: Av=0.56s, max=0.9s) (Lag: Av=0.56s, max=0.9s) (Lag: Av=0.56s, max=0.9s)} 1-0

[Event "Stay Safe Play From Home 362"]
[Site "Emanuel Lasker Arena"]
[Date "2020.08.06"]
[Round "7"]
[White "Nuktotitakoi"]
[Black "Lamborghini"]
[Result "0-1"]
[WhiteElo "2509"]
[BlackElo "2319"]
[Annotator "TA"]
[PlyCount "114"]
[EventDate "2020.08.06"]
[EventType "swiss (blitz)"]

{[%evp 9,114,15,66,17,83,9,19,-95,-96,-95,-88,-118,-108,-163,-160,-157,-156,-188,-178,-189,-151,-146,-29,-39,-28,-49,40,0,0,0,0,-23,3,-203,-191,-494,-495,-657,-638,-1262,-1040,-1283,-1268,-3160,-2546,-3164,-3101,-29993,-887,-864,-836,-29990,-29991,-29991,0,0,0,0,0,-79,0,0,75,-13,-8,-27,-2,-12,0,-8,-8,-18,-8,-8,-8,-8,-4,-10,-4,-54,-61,-66,-64,-63,-63,-58,-78,-77,0,0,0,0,64,0,175,-48,29967,29969,29972,29973,29974,29973,29992,6087,29991,29992,29992]} 1. Nf3 Nf6 2. Nc3 g6 3. d4 Bg7 4. Bf4 d6 5. Qd2 h6 ({Black should play} 5... O-O $11) 6. O-O-O {[#] A48: 1 d4 Nf6 2 Nf3 g6: Torre, London and Colle Systems.} c6 $146 (6... Nh5 $11 {keeps the balance.}) ({Predecessor:} 6... Nh5 7. Be3 Nc6 8. h3 Na5 9. b3 b6 10. g4 Nf6 11. Nh4 Bb7 12. f3 Qd7 13. Bf2 {1-0 (44) Planella Sanchez,J (1978)-Rodriguez,S (1801) Barcelona 2019}) 7. h4 (7. e4 $16) 7... b5 $11 8. a3 (8. Re1 $11) 8... a5 $1 $17 9. Nb1 {[#]} b4 $1 {[%mdl 512]} 10. a4 (10. axb4 axb4) 10... Nbd7 {[%cal Bb8d7,Bd7b6,Bb6d5,Bd5c3][%mdl 32]} 11. b3 (11. Re1 $17) 11... Nb6 12. e3 Nbd5 13. Bg3 Ne4 14. Qe1 Ndc3 15. Nxc3 bxc3 (15... Nxc3 $17 16. Rd3 O-O) 16. Bd3 $11 Nxg3 17. fxg3 c5 (17... Bg4 $15) 18. Bb5+ Bd7 19. Qxc3 O-O 20. Qc4 Rc8 {Hoping for ...cxd4.} 21. h5 $2 (21. Bxd7 $11 Qxd7 22. d5) 21... cxd4 $19 {[%mdl 64] Discovered Attack} 22. Qd3 $2 (22. Qe2 {was the crucial defense.} dxe3 23. Bxd7 Qxd7 24. hxg6) 22... Rc3 23. Qd2 dxe3 24. Qd5 {If only White now had time for Bxd7....} Be6 25. Qe4 Qc7 26. hxg6 Bxb3 {[%cal Rc3c2]} 27. gxf7+ Rxf7 {[%cal Rc3c2]} 28. Bd3 {[#]} d5 (28... Rxc2+ $142 $1 {[%mdl 512]} 29. Bxc2 Qc3 $1 {[%mdl 512]} 30. Qh7+ Kf8 31. Qh8+ Bxh8 32. Rd2 Bxc2 33. Rd4 Bd3+ 34. Kd1 e2#) 29. Qh7+ {[#]} Kf8 $1 {( -> ...Rxc2+!)} 30. Rxh6 {[#]} Rxc2+ $1 {[%mdl 576] Clearance} 31. Bxc2 {[#]} Bxc2 $2 (31... Qc3 $1 {[%mdl 512] mates} 32. Qh8+ Bxh8 33. Rxh8+ Kg7 $1 {[%mdl 512]} 34. Rh7+ Kg8 $1 {[%mdl 512]} 35. Rh8+ {[%mdl 64] Decoy} Kxh8 36. Rh1+ Kg8 $1 {[%mdl 512]} 37. Rh8+ Kxh8 38. Kd1 Qxc2+ {[%mdl 64] Double Attack} 39. Ke1 Qf2#) 32. Qxc2 $11 Qxc2+ 33. Kxc2 Bxh6 $19 {[%mdl 4096] Endgame KRB-KRN} 34. Kd3 (34. Rxd5 $11 e2 35. Re5) 34... e5 (34... Rf6 $17 35. Rb1 Re6) 35. Nxe5 $11 Rf2 (35... Rg7 $11) 36. Nf3 (36. Ng4 $1 $16 {[%cal Rg4f2]} Rd2+ 37. Rxd2 exd2 38. Kc2) 36... Ra2 37. Rb1 e2 38. Re1 Ra3+ 39. Kxe2 Rxa4 40. Rd1 Ra2+ 41. Kf1 a4 42. Rxd5 Bg7 43. Rf5+ Ke7 44. Ra5 Bc3 {[%mdl 1024] Black has compensation.} 45. Ra7+ Kd6 46. g4 Kc6 $1 {[%cal Rc6b6] Threatens to win with ...Kb6.} 47. g5 Kb6 48. Ra8 {[#]} a3 (48... Kb7 $1 $17 {[%cal Rb7a8]} 49. Rg8 Rb2) 49. g6 Kb7 50. Ra4 Bb2 (50... Ra1+ $11 51. Kf2 a2) 51. Rb4+ ({White should try} 51. Nd4 $1 $14 Ra1+ 52. Kf2) 51... Kc6 $2 {[#]} (51... Kc7 $11 {and Black has nothing to worry.}) 52. Kg1 $2 (52. Nd4+ $1 $18 Bxd4 53. Rxd4) 52... Bc3 $2 {[%mdl 8192]} (52... Ra1+ $15 53. Kf2 Rd1) 53. Rc4+ {[%mdl 64] Double Attack} Kd5 54. Rxc3 Ra1+ 55. Kh2 a2 56. Ra3 (56. g7 $142 Rh1+ 57. Kg3 Kd6 58. g8=Q Re1 59. Qd8+ Ke6 60. Qb6+ Kf5 61. Rc5+ Ke4 62. Re5+ Kd3 63. Qb3#) 56... Rh1+ 57. Kxh1 a1=Q+ {[%mdl 32768] Both players deserved the win here. Accuracy: White = 33%, Black = 60%. . Loss on time!?} 0-1